Wszystkie reprezentacje, które zagrały na Mistrzostwach Europy - Statystyki

Ogólne statystyki
  • Ten quiz został rozwiązany 105 razy
  • Średni wynik to 35 z 36
Statystyki odpowiedzi
Liczba występów Reprezentacja % Poprawnych
12 Hiszpania
100%
11 Holandia
100%
14 Niemcy
100%
9 Portugalia
100%
6 Szwajcaria
100%
11 Anglia
99%
4 Austria
99%
7 Belgia
99%
1 Finlandia
99%
6 Serbia/Serbia i Czarnogóra/Jugosławia
99%
2 Słowenia
99%
11 Włochy
99%
11 Czechy/Czechosłowacja
98%
11 Francja
98%
3 Irlandia
98%
5 Polska
98%
12 Rosja/ZSRR/WNP
98%
7 Szwecja
98%
5 Węgry
98%
10 Dania
97%
4 Grecja
97%
2 Walia
97%
7 Chorwacja
96%
1 Norwegia
96%
6 Rumunia
96%
3 Słowacja
96%
6 Turcja
96%
4 Ukraina
96%
1 islandia
95%
4 Szkocja
95%
2 Bułgaria
92%
1 Irlandia Północna
91%
1 Łotwa
91%
1 Macedonia Północna
88%
2 Albania
86%
1 Gruzja
86%
Nie znaleziono quizów pasujących do podanych kryteriów
Rozkład punktacji
Procent ludzi z każdym wynikiem
Percentyl według liczby udzielonych odpowiedzi
Twoja historia wyników
Nie rozwiązałeś tego quizu